[Event "Rennes op 2nd"]
[Site "Rennes"]
[Date "2009.07.20"]
[Round "6"]
[White "Blanchard, Simon"]
[Black "Bacon, Bruno"]
[Result "1-0"]
[WhiteElo "1710"]
[BlackElo "1742"]
[PlyCount "109"]
[EventDate "2009.07.15"]
[EventType "swiss"]
[EventRounds "9"]
[EventCountry "FRA"]
[SourceTitle "EXT 2011"]
[Source "ChessBase"]
[SourceDate "2010.11.26"]
[SourceVersion "1"]
[SourceVersionDate "2010.11.26"]
[SourceQuality "1"]

1. d4 Nf6 2. c4 g6 3. Nc3 d5 4. cxd5 Nxd5 5. e4 Nxc3 6. bxc3 Bg7 7. Bc4 0-0 8. Ne2 c5 9. Be3 cxd4 10. cxd4 Nc6 11. 0-0 Na5 12. Bb3 e6 13. Rc1 Bd7 14. Ba4 b5 15. Bb3 a6 16. d5 Nxb3 17. axb3 exd5 18. Qxd5 Be6 19. Qxd8 Rfxd8 20. b4 Bc4 21. Rfe1 Rdc8 22. f3 Bf8 23. Rb1 a5 24. bxa5 Rxa5 25. Nd4 b4 26. Rec1 Ra3 27. Bf2 Bh6 28. Rc2 b3 29. Nxb3 Ba6 30. Rxc8+ Bxc8 31. Rd1 Be6 32. Nc5 Bc4 33. Bd4 Be2 34. Re1 Bc4 35. Nd7 Rd3 36. Nf6+ Kf8 37. Nxh7+ Ke7 38. Bf6+ Ke6 39. Bg5 Bg7 40. e5 Bd5 41. Nf6 Bb3 42. Ng4 Bf8 43. Kf2 Bb4 44. Re4 Bc5+ 45. Kg3 Bd5 46. Rf4 Kd7 47. Nf6+ Ke6 48. Nxd5 Rxd5 49. Rf6+ Kxe5 50. Rxf7 Bd6 51. Bf4+ Ke6 52. Rg7 Rg5+ 53. Kh4 Bxf4 54. g3 Bd6 55. Kxg5 1-0

[Event "Rennes op 2nd"]
[Site "Rennes"]
[Date "2009.07.18"]
[Round "4"]
[White "Blanchard, Simon"]
[Black "Ledent, Philippe"]
[Result "1/2-1/2"]
[WhiteElo "1710"]
[BlackElo "1857"]
[PlyCount "128"]
[EventDate "2009.07.15"]
[EventType "swiss"]
[EventRounds "9"]
[EventCountry "FRA"]
[SourceTitle "EXT 2011"]
[Source "ChessBase"]
[SourceDate "2010.11.26"]
[SourceVersion "1"]
[SourceVersionDate "2010.11.26"]
[SourceQuality "1"]

1. d4 d5 2. c4 c6 3. Nc3 Nf6 4. Bg5 e6 5. e3 Nbd7 6. Nf3 Bb4 7. Qb3 a5 8. a3 Bd6 9. e4 dxe4 10. Nxe4 Be7 11. Nxf6+ Nxf6 12. Be2 0-0 13. 0-0 Qc7 14. Rac1 Qb8 15. Rfd1 b6 16. d5 exd5 17. cxd5 a4 18. Qc2 cxd5 19. Bxf6 Bxf6 20. Rxd5 Be6 21. Rb5 Rc8 22. Qd2 Rxc1+ 23. Qxc1 Qd6 24. Qd2 Qc6 25. Qe3 Rb8 26. Nd4 Bxd4 27. Qxd4 Qc1+ 28. Qd1 Qxd1+ 29. Bxd1 Bd7 30. Rb4 Re8 31. Kf1 b5 32. Be2 Re5 33. f4 Rc5 34. Rd4 Be8 35. Ke1 Kf8 36. Kd2 Ke7 37. Rd3 Bc6 38. Rc3 Kd6 39. g3 h6 40. Kd3 g5 41. Rxc5 Kxc5 42. fxg5 hxg5 43. Kc3 f5 44. h4 f4 45. gxf4 gxf4 46. h5 f3 47. Bf1 Be4 48. h6 f2 49. Kd2 b4 50. Ke3 bxa3 51. bxa3 Bh7 52. Kxf2 Kd4 53. Bb5 Ke5 54. Bxa4 Kf6 55. Ke3 Kg5 56. Kd4 Kxh6 57. Kc5 Be4 58. Bb3 Kg5 59. a4 Kf6 60. Kd6 Bb7 61. a5 Ba6 62. Bd5 Bd3 63. Bc6 Be2 64. Bb7 Bd3 1/2-1/2

[Event "Rennes op 2nd"]
[Site "Rennes"]
[Date "2009.07.17"]
[Round "3"]
[White "Graton, Tanguy"]
[Black "Blanchard, Simon"]
[Result "1-0"]
[WhiteElo "1870"]
[BlackElo "1710"]
[PlyCount "125"]
[EventDate "2009.07.15"]
[EventType "swiss"]
[EventRounds "9"]
[EventCountry "FRA"]
[SourceTitle "EXT 2011"]
[Source "ChessBase"]
[SourceDate "2010.11.26"]
[SourceVersion "1"]
[SourceVersionDate "2010.11.26"]
[SourceQuality "1"]

1. e4 c5 2. Nf3 d6 3. d4 cxd4 4. Nxd4 Nf6 5. Nc3 Bd7 6. Bd3 Nc6 7. Nxc6 Bxc6 8. 0-0 e6 9. Qe2 Be7 10. Bf4 0-0 11. Rfd1 Qc8 12. Nb5 Bxb5 13. Bxb5 d5 14. exd5 Nxd5 15. Rxd5 exd5 16. Qxe7 Qxc2 17. Qe2 Rac8 18. Qxc2 Rxc2 19. Be5 a6 20. Ba4 Re2 21. Bc3 Rd8 22. Kf1 Re4 23. Bc2 Rc4 24. Bd3 Rc6 25. Re1 d4 26. Bd2 b6 27. Re7 a5 28. Ra7 h6 29. Be4 Re6 30. Ra8 Rxa8 31. Bxa8 d3 32. Be3 Re8 33. Bc6 Rc8 34. Ba4 Rc4 35. Bb3 Rb4 36. Bd2 Re4 37. Bd1 f5 38. Bf3 Re5 39. Bc3 Re7 40. Bd5+ Kh7 41. Bc4 Rd7 42. Ke1 d2+ 43. Bxd2 Rd4 44. b3 a4 45. Be3 Re4 46. Kd2 axb3 47. axb3 Rg4 48. g3 Rg6 49. Kc3 h5 50. Kb4 h4 51. Bd3 Kg8 52. Bxf5 Rf6 53. Bd3 hxg3 54. hxg3 Kf7 55. Kb5 Rd6 56. Bc4+ Ke7 57. Bxb6 Kd7 58. Bc5 Rd2 59. Kb6 Kc8 60. b4 Kb8 61. b5 Rd7 62. Ka6 Rc7 63. Bd6 1-0

[Event "Bretagne-ch U10"]
[Site "Ploermel"]
[Date "2007.02.15"]
[Round "5"]
[White "Roussel, Yannis"]
[Black "Blanchard, Simon"]
[Result "0-1"]
[WhiteElo "1230"]
[BlackElo "1580"]
[PlyCount "66"]
[EventDate "2007.02.14"]
[EventType "tourn"]
[EventRounds "6"]
[EventCountry "FRA"]
[SourceTitle "EXT 2008"]
[Source "ChessBase"]
[SourceDate "2007.11.25"]
[SourceVersion "1"]
[SourceVersionDate "2007.11.25"]
[SourceQuality "1"]

1. e4 c5 2. Nf3 d6 3. d4 cxd4 4. Nxd4 g6 5. Nc3 Bg7 6. Ndb5 a6 7. Na3 b5 8. Nd5 e6 9. Nf4 Ne7 10. Be3 Bxb2 11. Rb1 Bxa3 12. Rb3 Bc5 13. Bd2 Bd4 14. Ra3 Bd7 15. Ba5 Bb6 16. Bc3 0-0 17. Qxd6 Bc6 18. Qe5 f6 19. Qxe6+ Kg7 20. Qb3 Bd7 21. e5 Ng8 22. h4 Re8 23. Qd5 Bc6 24. Qb3 Bd7 25. Qd5 Ra7 26. h5 g5 27. h6+ Nxh6 28. Nh5+ Kh8 29. Kd2 Be6 30. Qxd8 Rxd8+ 31. Kc1 b4 32. Ba1 bxa3 33. exf6 Nf7 0-1

[Event "Bretagne-ch U10"]
[Site "Ploermel"]
[Date "2007.02.14"]
[Round "3"]
[White "Le Neutre, Baptiste"]
[Black "Blanchard, Simon"]
[Result "1-0"]
[WhiteElo "1400"]
[BlackElo "1580"]
[PlyCount "85"]
[EventDate "2007.02.14"]
[EventType "tourn"]
[EventRounds "6"]
[EventCountry "FRA"]
[SourceTitle "EXT 2008"]
[Source "ChessBase"]
[SourceDate "2007.11.25"]
[SourceVersion "1"]
[SourceVersionDate "2007.11.25"]
[SourceQuality "1"]

1. e4 c5 2. Nf3 d6 3. Bc4 g6 4. Nc3 Bg7 5. 0-0 Nf6 6. d3 0-0 7. Bg5 Nc6 8. Re1 Bg4 9. h3 Bxf3 10. Qxf3 Nd4 11. Qd1 Rb8 12. Nb5 Nxb5 13. Bxb5 Qb6 14. c4 a6 15. Ba4 Qxb2 16. Re2 Qe5 17. Bxf6 Qxf6 18. Rb1 e5 19. Reb2 Qe7 20. Bc6 b5 21. cxb5 axb5 22. Bxb5 Qb7 23. Qa4 Ra8 24. Qd1 Rab8 25. Qa4 Kh8 26. Qa5 Qb6 27. Qd2 Qc7 28. Bc4 Rxb2 29. Rxb2 Kg8 30. Rb5 Qc6 31. Qb2 Rd8 32. Rb8 Rxb8 33. Qxb8+ Bf8 34. Bb5 c4 35. Bxc6 cxd3 36. Qb1 d2 37. Qd1 Bh6 38. a4 f5 39. a5 f4 40. Qxd2 g5 41. Qxd6 Kg7 42. Qxe5+ Kg6 43. Be8# 1-0